00278 a2200097 4500001001000000005001700010008004100027245001700068100002600085773006900111ART_2579120260410161601.0260409a 10aContabilidad1 aHerrscher, Enrique G.0 tProfesional & Empresariag- Año VII, Nº 76 (ene. 2006)wREV70